Capăt de linie

Stručný prehľad o autorovi Stere Bucovală.

Enregistré dans:
Détails bibliographiques
Auteur principal: Spiridon, Vasile, 1958-
Format: Chapitre de livre
Langue:roumain
Sujets:
Tags: Ajouter un tag
Pas de tags, Soyez le premier à ajouter un tag!

MARC

LEADER 00000naa a2200000 4500
001 0278965
005 20240502083846.7
041 0 |a rum 
044 |a RO 
245 1 0 |a Capăt de linie  |c Vasile Spiridon 
520 |a Stručný prehľad o autorovi Stere Bucovală. 
610 2 0 |a literatúra 
610 2 0 |a kultúra 
610 2 0 |a analýzy 
610 2 0 |a osobnosť 
100 1 |a Spiridon, Vasile, 1958-